| 000 | 00581cam a22002054a 4500 | ||
|---|---|---|---|
| 999 |
_c106421 _d106421 |
||
| 001 | 15083272 | ||
| 005 | 20180801112156.0 | ||
| 008 | 071116s2008 nyua b 001 0 eng | ||
| 020 | _a007149488X (alk. paper) | ||
| 040 | _cPK-LaUMT | ||
| 082 | 0 | 0 |
_a616.980213 _222 _bREI-B |
| 100 | 1 | _aReinhart, Richard O. | |
| 245 | 1 | 0 |
_aBasic flight physiology / _cRichard O. Reinhart |
| 250 | _a3rd ed. | ||
| 260 |
_aNew York : _bMcGraw-Hill, _c2008 |
||
| 300 |
_axvi, 311 p. : _bill. ; _c25 cm. |
||
| 650 | 0 |
_aFlight _xPhysiological aspects. |
|
| 650 | 0 | _aAviation medicine. | |
| 942 | _cBK | ||